Synonyms Quiz Stats

 Plays Quiz not verified by Sporcle

Support Sporcle.
Go Orange.
Score 0/20 Timer 10:00
0 Plays Today
Hint Answer % Correct
Synonymsick
94.7%
Synonymrabbit
89.5%
Synonymbig
81.6%
Synonymmom
81.6%
Synonymquick
81.6%
Synonymlisten
78.9%
Synonymtalk
76.3%
Synonymgift
76.3%
Synonymsmart
73.7%
Synonymtrash
73.7%
Hint Answer % Correct
Synonymtiny
71.1%
Synonymyell
68.4%
Synonymbag
68.4%
Synonymleave
57.9%
Synonymodd
52.6%
Synonymcar
50%
Synonymover
42.1%
Synonymrelax
39.5%
Synonymsilly
18.4%
Synonymcease
13.2%

You're not logged in!

Compare scores with friends on all Sporcle quizzes.
OR
Log In

From the Vault

'M' First Names

by gazzso

There's also that James Bond character, whose entire name is just the letter.
Remove Ads.
Support Sporcle.
Get the best of Sporcle when you Go Orange. This ad-free experience offers more features, more stats, and more fun while also helping to support Sporcle. Thank you for becoming a member.

Show Comments

Extras

Created Oct 4, 2013ReportNominate
Tags:Synonym

Top Quizzes Today


Score Distribution

Your Account Isn't Verified!

In order to create a playlist on Sporcle, you need to verify the email address you used during registration. Go to your Sporcle Settings to finish the process.

Report this User

Report this user for behavior that violates our Community Guidelines.

Details: